<A> test of services marketing theory: consumer information acquisition activities.

Úloha, ktorú hrá informovanosť zákazníka o poskytovaných službách pri rozhodovaní o ich využívaní. Interné a externé typy poskytovaných informácií. Zníženie rizika očakávaného pri využívaní služieb po rozšírení informačných zdrojov.

Guardado en:
Detalles Bibliográficos
Autor principal: Murray, K.B
Formato: Capítulo de libro
Lenguaje:inglés
Materias:
Etiquetas: Agregar Etiqueta
Sin Etiquetas, Sea el primero en etiquetar este registro!

MARC

LEADER 00000naa a2200000 4500
001 r003541
005 20221213084249.0
041 0 |a eng 
044 |a US 
245 1 0 |a <A> test of services marketing theory: consumer information acquisition activities.  |c K.B. Murray 
520 |a Úloha, ktorú hrá informovanosť zákazníka o poskytovaných službách pri rozhodovaní o ich využívaní. Interné a externé typy poskytovaných informácií. Zníženie rizika očakávaného pri využívaní služieb po rozšírení informačných zdrojov. 
610 2 0 |a marketing 
610 2 0 |a služby 
610 2 0 |a zákazníci 
610 2 0 |a spotrebitelia 
610 2 0 |a informácie 
100 1 |a Murray, K.B.